| Поле | Название | Значение |
| |
Тип записи |
a |
| |
Библиографический уровень |
m |
| 001 |
Контрольный номер |
UONB/MAIN/018e9c21875e49a79acfa4948d103296 |
| 005 |
Дата корректировки |
20260427162558.4 |
| 011 |
Индекс ISSN |
__ |
| 9 |
Тираж |
2120 экз. |
| 100 |
Данные общей обработки |
__ |
| a |
Данные общей обработки |
20260423a2026####m##c0rusy0189 ca |
| 101 |
Язык документа |
0_ |
| a |
Язык текста |
rus |
| 102 |
Страна публикации |
__ |
| a |
Страна публикации |
RU |
| 200 |
Заглавие и сведения об ответственности |
1_ |
| a |
Заглавие |
№ 14 (13243) (3 апреля) |
| 203 |
Вид содержания и тип средства |
__ |
| a |
Вид содержания |
Текст |
| b |
Характеристика содержания |
визуальный |
| c |
Тип средства |
непосредственный |
| c |
Тип средства |
электронный |
| 210 |
Выходные данные |
1_ |
| d |
Дата издания |
2026 |
| 337 |
Примечание о системных требованиях (электронные ресурсы) |
__ |
| a |
Примечание о системных требованиях (электронные ресурсы) |
Режим доступа: для авториз. пользователей |
| 337 |
Примечание о системных требованиях (электронные ресурсы) |
__ |
| a |
Примечание о системных требованиях (электронные ресурсы) |
Режим доступа: для авториз. пользователей |
| 461 |
Уровень набора |
_0 |
| 1 |
|
001UONB/MAIN/bdc848100b934894a777f3ebbad63bd4 |
| 1 |
|
2001 |
| a |
|
Мелекесские вести |
| e |
|
Мелекесская районная и городская газета |
| f |
|
учредитель Правительство Ульяновской области, Администрация муниципального образования "Мелекесский район" Ульяновской области |
| v |
|
№ 14 (13243) (3 апреля) |
| 1 |
|
2101 |
| a |
|
Димитровград |
| d |
|
1918- |
| 1 |
|
300 |
| a |
|
Еженед. |
| 1 |
|
333 |
| a |
|
12+ |
| 801 |
Источник записи |
_0 |
| a |
Страна |
RU |
| b |
Организация |
Ульяновская ОНБ |
| c |
Дата составления |
20260423 |
| g |
Правила каталогизации |
RCR |
| 801 |
Источник записи |
_1 |
| a |
Страна |
RU |
| b |
Организация |
Ульяновская ОНБ |
| c |
Дата составления |
20260423 |
| g |
Правила каталогизации |
RCR |
| 900 |
Электронные ресурсы |
__ |
| a |
Имя электронного ресурса |
ЭЛД-5676-Мелекесские вести 2026 № 14 (13243) (3 апреля) |
| 900 |
Электронные ресурсы |
__ |
| a |
Имя электронного ресурса |
Обложка из ЭЛД-5676-Мелекесские вести 2026 № 14 (13243) (3 апреля) |
| 901 |
Тип документа |
__ |
| t |
Тип документа |
h |
| w |
Контрольный № источника |
UONB/MAIN/bdc848100b934894a777f3ebbad63bd4 |
| 909 |
Создатель записи |
__ |
| a |
Создатель записи |
Полковникова |
| b |
Дата создания записи |
20260423 |
| 910 |
Корректоры записи |
__ |
| a |
Корректор записи |
Егорова Т. С. |
| b |
Дата внесения изменения в запись |
20260427 |